000 00943nam a22002177a 4500
010 _a1617CH-EN
020 _a9780141342429
_c599.00
020 _a9780141342443 (Ashok Vihar)
_c399.00 (Ashok Vihar)
035 _aB-645674-692
035 _aB-669787
037 _aDPL
_bPragati/ven
082 _aS
100 _aRiordan, Rick
245 _aMagnus chase :
_cby Rick Riodan
_band the sword of summer /
260 _aGurgaon
_bPuffin Books
_c2015
270 _a7th Floor, Infinity Tower C, DLF Cyber City,
_bGurgaon
_e122002
300 _a495p.
_c24cm(pbk)
942 _2ddc
_cCH
_mRIO
_hS
999 _c100630
_d100630